[Event "AUTO-BEG-319"]
[Site "http://www.queenalice.com/game.php?id=666431"]
[Date "2009.10.12"]
[Round "2"]
[White "reniflex"]
[Black "Chemiker"]
[Result "1-0"]
[WhiteElo "1414"]
[BlackElo "1492"]

1. e4 e5 2. Nf3 Nc6 3. Bb5 Bc5 4. Bxc6 bxc6 5. Nxe5 d6 6. Nxc6 Qd7 7. Na5 Bb6 8.
Nc4 d5 9. Ne5 Qe6 10. f4 f6 11. f5 Qxe5 12. Nc3 g6 13. g4 gxf5 14. gxf5 Bxf5 15.
d3 1-0

[Event "AUTO-BEG-319"]
[Site "http://www.queenalice.com/game.php?id=666432"]
[Date "2009.10.12"]
[Round "2"]
[White "Chemiker"]
[Black "reniflex"]
[Result "0-1"]
[WhiteElo "1513"]
[BlackElo "1393"]

1. e4 e5 2. Bc4 Nf6 3. Nf3 d6 4. Ng5 Be6 5. Bxe6 fxe6 6. Nxe6 Qe7 7. Nxf8 Qxf8
8. Qf3 Nc6 9. c3 d5 10. b3 Nxe4 11. Qxf8+ Rxf8 12. f3 Ng5 13. d4 exd4 14. Bxg5
dxc3 15. Nxc3 d4 0-1

[Event "AUTO-BEG-319"]
[Site "http://www.queenalice.com/game.php?id=666435"]
[Date "2009.10.12"]
[Round "2"]
[White "Chemiker"]
[Black "rito"]
[Result "0-1"]
[WhiteElo "1465"]
[BlackElo "1582"]

1. e4 e5 2. Bc4 Nf6 3. d3 a5 4. Nf3 b6 5. Nxe5 d6 6. Nxf7 Qe7 7. Nxh8 d5 8. Bb5+
Kd8 9. Nc3 Qb4 10. Bg5 c6 11. Bxf6+ gxf6 12. a3 Qd4 13. Nf7+ Ke8 14. Ne2 Qxb2
15. Qb1 Qxb5 16. Nd4 Qc5 0-1

[Event "AUTO-BEG-319"]
[Site "http://www.queenalice.com/game.php?id=666436"]
[Date "2009.10.12"]
[Round "2"]
[White "rito"]
[Black "Chemiker"]
[Result "1-0"]
[WhiteElo "1593"]
[BlackElo "1454"]

1. e4 e5 2. Nf3 Nc6 3. Bb5 a6 4. Bc4 b5 5. Bd5 Nf6 6. Bxc6 dxc6 7. Nxe5 Qd6 8.
Nd3 Nxe4 9. b3 Qd4 10. Qf3 Qxa1 11. Qxe4+ Kd8 12. Qxc6 Bb7 13. Qxb7 Rc8 14. Qxa6
Qxb1 15. h4 Qxc2 16. Qxb5 Qxa2 17. Qg5+ f6 18. Qd5+ 1-0

[Event "Europa League"]
[Site "http://www.queenalice.com/game.php?id=666974"]
[Date "2009.10.14"]
[Round "3"]
[White "Chemiker"]
[Black "SalsaQueen"]
[Result "0-1"]
[WhiteElo "1599"]
[BlackElo "1827"]

1. e4 e5 2. Bc4 Nf6 3. d3 h6 4. Nf3 d6 5. Nc3 a6 6. O-O Nc6 7. Nd5 Be6 8. Nxf6+
gxf6 9. Bd5 Bxd5 10. exd5 Ne7 11. Be3 Nxd5 12. c4 Nxe3 13. fxe3 Qd7 14. e4 O-O-O
15. d4 Rg8 16. c5 dxc5 17. dxc5 Bxc5+ 0-1

[Event "AUTO-INT-1479"]
[Site "http://www.queenalice.com/game.php?id=667066"]
[Date "2009.10.14"]
[Round "1"]
[White "EmersonFM"]
[Black "Chemiker"]
[Result "1-0"]
[WhiteElo "1515"]
[BlackElo "1537"]

1. e4 e5 2. Nf3 Nc6 3. Nc3 Bc5 4. Nd5 Nf6 5. Bc4 Nxe4 6. O-O d6 7. d3 Nxf2 8.
Rxf2 Bxf2+ 9. Kxf2 Bg4 10. h3 Bxf3 11. Qxf3 Nd4 12. Qg4 O-O 13. Bg5 f5 14. Qh5
g6 15. Nf6+ 1-0

[Event "AUTO-INT-1479"]
[Site "http://www.queenalice.com/game.php?id=667067"]
[Date "2009.10.14"]
[Round "1"]
[White "Chemiker"]
[Black "EmersonFM"]
[Result "0-1"]
[WhiteElo "1620"]
[BlackElo "1507"]

1. e4 e5 2. Nc3 Bb4 3. a3 Bxc3 4. bxc3 Nf6 5. Bc4 d5 6. exd5 Nxd5 7. d4 Nxc3 8.
Qf3 Be6 9. Bxe6 fxe6 10. dxe5 Qd4 0-1

[Event "AUTO-INT-1479"]
[Site "http://www.queenalice.com/game.php?id=667080"]
[Date "2009.10.14"]
[Round "1"]
[White "italomachado"]
[Black "Chemiker"]
[Result "0-1"]
[WhiteElo "1433"]
[BlackElo "1611"]

1. e4 e5 2. d4 f5 3. Bc4 d5 4. exd5 exd4 5. Qf3 Qe7+ 6. Ne2 Qb4+ 7. Bd2 Qxc4 8.
O-O Qxc2 9. Re1 Qxb2 10. Nxd4+ Be7 11. Bg5 Qxa1 12. Qe2 Qxd4 13. Bxe7 Kf7 14.
Ba3 Qxd5 15. Nc3 Qe6 16. Qd1 Qg6 17. Qb3+ Be6 18. Qb4 Nc6 19. Qxb7 Nge7 20. Nb5
Rab8 21. Qa6 Rb6 22. Qa4 Bxa2 23. Nxc7 Bb3 24. Qf4 Rb7 25. Na6 Nd5 26. Qc1 Re8
27. Rf1 Nd4 28. Kh1 Qxa6 29. Bb2 Bc4 30. Bxd4 Bxf1 31. Qg5 Bd3 32. Qxg7+ Ke6 33.
Qe5+ Kd7 34. Qxd5+ Kc8 35. h4 Rd8 36. Qc5+ Rc7 37. Qe5 Rc1+ 38. Kh2 Qd6 39. Qg3
Qxg3+ 40. fxg3 Rxd4 41. Kh3 Rh1# 0-1

[Event "AUTO-INT-1479"]
[Site "http://www.queenalice.com/game.php?id=667081"]
[Date "2009.10.14"]
[Round "1"]
[White "Chemiker"]
[Black "italomachado"]
[Result "1-0"]
[WhiteElo "1602"]
[BlackElo "1425"]

1. e4 e5 2. Bc4 Nh6 3. d3 Bc5 4. Bxh6 Qf6 5. Qf3 O-O 6. Bxg7 Qxg7 7. Nc3 d5 8.
Nxd5 Bg4 9. Nf6+ Kh8 10. Nxg4 Nc6 11. c3 a6 12. b4 b5 13. Bd5 Nd4 14. cxd4 Bxb4+
15. Kd1 Rad8 16. Nxe5 f6 17. Nf7+ Rxf7 18. Bxf7 Qxf7 19. d5 c5 20. e5 Bc3 21. e6
Qe7 22. Rc1 Bd4 23. Ne2 Rxd5 24. Qxd5 b4 25. Nxd4 cxd4 26. Rc8+ Kg7 27. Qf5 Qb7
28. Qg4+ Kh6 29. Qh4+ Kg6 30. Qe4+ Qxe4 31. dxe4 a5 32. e7 a4 33. e8=Q+ Kg5 34.
Qg8+ Kf4 35. Re1 b3 36. Rc5 bxa2 37. Qg3# 1-0

[Event "AUTO-INT-1479"]
[Site "http://www.queenalice.com/game.php?id=667090"]
[Date "2009.10.14"]
[Round "1"]
[White "Chemiker"]
[Black "skatista99"]
[Result "0-1"]
[WhiteElo "1442"]
[BlackElo "1620"]

1. e4 e5 2. Nf3 Nc6 3. Bc4 Nf6 4. d3 h6 5. Nc3 Bb4 6. a3 Ba5 7. b4 Bb6 8. Nd5
Nxd5 9. exd5 Nd4 10. Nxd4 Bxd4 11. Ra2 Qf6 12. O-O d6 13. Be3 Qg6 14. Bxd4 exd4
15. Qe2+ Kf8 16. Qe4 Qg5 17. h4 Qf5 18. Qxf5 Bxf5 19. Re1 Kg8 20. f3 Kh7 0-1

[Event "AUTO-INT-1479"]
[Site "http://www.queenalice.com/game.php?id=667091"]
[Date "2009.10.14"]
[Round "1"]
[White "skatista99"]
[Black "Chemiker"]
[Result "1-0"]
[WhiteElo "1629"]
[BlackElo "1433"]

1. e4 e5 2. Nf3 Nc6 3. Bc4 Bc5 4. d3 Nf6 5. O-O d6 6. h3 O-O 7. Bg5 Nd4 8. Nc3
c6 9. Na4 b5 10. Nxc5 dxc5 11. Bb3 Be6 12. c3 Nxb3 13. axb3 b4 14. Nxe5 Qd6 15.
Nc4 Bxc4 16. bxc4 a5 17. cxb4 cxb4 18. Qf3 1-0

[Event "AUTO-OPEN-1724"]
[Site "http://www.queenalice.com/game.php?id=667684"]
[Date "2009.10.15"]
[Round "1"]
[White "Chemiker"]
[Black "castel1341"]
[Result "0-1"]
[WhiteElo "1444"]
[BlackElo "2089"]

1. e4 c5 2. Bc4 e6 3. d3 Nc6 4. Nf3 Be7 5. Nc3 d6 6. Be3 Nf6 7. O-O O-O 8. d4
cxd4 9. Nxd4 a6 10. Nxc6 bxc6 11. Bg5 d5 12. Bxf6 Bxf6 13. Be2 Qa5 0-1

[Event "AUTO-OPEN-1724"]
[Site "http://www.queenalice.com/game.php?id=667709"]
[Date "2009.10.15"]
[Round "1"]
[White "Chemiker"]
[Black "adilson_camargo"]
[Result "0-1"]
[WhiteElo "1516"]
[BlackElo "1835"]

1. e4 e5 2. Bc4 Nf6 3. d3 h6 4. Nf3 d6 5. Nc3 Bg4 6. Nd5 c6 7. Nxf6+ Qxf6 8. h3
Bxf3 9. Qxf3 Qxf3 10. gxf3 Be7 11. Be3 O-O 12. O-O-O Nd7 13. Rhg1 a6 0-1

[Event "AUTO-OPEN-1724"]
[Site "http://www.queenalice.com/game.php?id=667710"]
[Date "2009.10.15"]
[Round "1"]
[White "adilson_camargo"]
[Black "Chemiker"]
[Result "1-0"]
[WhiteElo "1831"]
[BlackElo "1520"]

1. d4 d5 2. c4 Nf6 3. Nc3 c6 4. a4 Bf5 5. e3 e6 6. h3 Na6 7. c5 Nb4 8. e4 Nxe4
9. Nxe4 Bxe4 10. Bd2 Nc2+ 11. Ke2 Nxa1 12. Qxa1 b6 13. Be3 1-0

[Event "AUTO-OPEN-1724"]
[Site "http://www.queenalice.com/game.php?id=667711"]
[Date "2009.10.15"]
[Round "1"]
[White "Chemiker"]
[Black "jartuga99"]
[Result "0-1"]
[WhiteElo "1590"]
[BlackElo "2098"]

1. e4 c5 2. Bc4 e6 3. d3 a6 4. Bf4 b5 5. Bxb8 Rxb8 6. Bb3 d5 7. exd5 exd5 8. c4
Qa5+ 9. Qd2 Qxd2+ 10. Nxd2 d4 11. Ngf3 Bf5 12. Ne5 Bd6 13. Nc6 Rb6 14. cxb5 axb5
15. Bd5 Bxd3 16. O-O-O Be2 17. Rde1 d3 18. Ne4 Bf4+ 19. Kb1 c4 20. g3 Bh6 21.
Nd6+ Kd7 22. Nxf7 Nf6 23. Nxh8 Nxd5 24. Ne5+ Kc7 25. Nhf7 Bd2 26. Reg1 Bb4 27.
a3 Bc5 28. Re1 Bxf2 29. Kc1 Bxe1 30. Rxe1 Rf6 0-1

[Event "AUTO-OPEN-1724"]
[Site "http://www.queenalice.com/game.php?id=667712"]
[Date "2009.10.15"]
[Round "1"]
[White "jartuga99"]
[Black "Chemiker"]
[Result "1-0"]
[WhiteElo "2096"]
[BlackElo "1592"]

1. e4 e5 2. Bc4 Nc6 3. a4 Bc5 4. c3 Na5 5. Bxf7+ Kxf7 6. Qh5+ g6 7. Qxe5 Bxf2+
8. Ke2 Qf6 9. Qxa5 Bxg1 10. Rxg1 b6 11. Qd5+ Qe6 12. Qxa8 d5 13. Qxd5 Qxd5 14.
exd5 Bg4+ 15. Ke3 Nf6 16. c4 Re8+ 17. Kd4 Re4+ 18. Kc3 a5 19. d3 Re2 20. Bg5 Nd7
21. Nd2 Nc5 22. Raf1+ Bf5 23. b3 Kg7 24. d4 1-0

[Event "AUTO-ADV-1506"]
[Site "http://www.queenalice.com/game.php?id=667743"]
[Date "2009.10.15"]
[Round "1"]
[White "Chemiker"]
[Black "Mikhail_Sanderov"]
[Result "0-1"]
[WhiteElo "1467"]
[BlackElo "1936"]

1. e4 e6 2. Nc3 c5 3. Bc4 Nc6 4. Nf3 Be7 5. d3 Qc7 6. Nb5 Qb6 7. O-O a6 8. Nc3
Nf6 9. Na4 Qc7 10. g3 b5 11. Bf4 d6 0-1

[Event "AUTO-ADV-1506"]
[Site "http://www.queenalice.com/game.php?id=667745"]
[Date "2009.10.15"]
[Round "1"]
[White "Chemiker"]
[Black "GMNeny"]
[Result "0-1"]
[WhiteElo "1471"]
[BlackElo "2009"]

1. e4 c5 2. Bc4 e6 3. d3 Nc6 4. Nf3 d6 5. Bf4 Nf6 6. O-O Be7 7. Nc3 O-O 8. Qe2
Nh5 9. Bg5 Bxg5 10. Nxg5 Qxg5 11. g3 Nd4 12. Qe3 Qg4 0-1

[Event "AUTO-ADV-1506"]
[Site "http://www.queenalice.com/game.php?id=667746"]
[Date "2009.10.15"]
[Round "1"]
[White "GMNeny"]
[Black "Chemiker"]
[Result "1-0"]
[WhiteElo "2007"]
[BlackElo "1473"]

1. e4 e5 2. Nf3 Nc6 3. Bc4 Bc5 4. c3 Nf6 5. d4 exd4 6. cxd4 d5 7. exd5 Nxd5 8.
dxc5 Qe7+ 9. Qe2 Qxe2+ 10. Kxe2 Be6 11. Bxd5 Bxd5 12. Nc3 Bxf3+ 13. Kxf3 Ne5+
14. Kg3 1-0

[Event "AUTO-ADV-1506"]
[Site "http://www.queenalice.com/game.php?id=667747"]
[Date "2009.10.15"]
[Round "1"]
[White "Chemiker"]
[Black "tewald"]
[Result "0-1"]
[WhiteElo "1548"]
[BlackElo "1711"]

1. e4 e6 2. Nc3 d5 3. d4 c5 4. Bb5+ Nc6 5. Bxc6+ bxc6 6. exd5 cxd5 7. Nf3 Nf6 8.
Bg5 c4 9. a3 Be7 10. Ne5 Bb7 11. O-O O-O 12. Bxf6 Bxf6 13. b3 Rc8 14. Nf3 Ba6
15. a4 cxb3 16. Ne2 bxc2 17. Qc1 Bxe2 18. Re1 Bxf3 19. gxf3 Bxd4 0-1

[Event "AUTO-ADV-1506"]
[Site "http://www.queenalice.com/game.php?id=667748"]
[Date "2009.10.15"]
[Round "1"]
[White "tewald"]
[Black "Chemiker"]
[Result "1-0"]
[WhiteElo "1701"]
[BlackElo "1558"]

1. e4 e5 2. Nf3 Nc6 3. d4 exd4 4. Nxd4 Nxd4 5. Qxd4 c5 6. Qc3 Nf6 7. Bd3 d5 8.
O-O d4 9. Qb3 Be6 10. Qa4+ Qd7 11. Bb5 Qxb5 12. Qxb5+ Bd7 13. Qxb7 Rd8 14. Bg5
h6 15. Bxf6 gxf6 16. Nd2 Bc8 17. Qc6+ Bd7 18. Qxf6 Rg8 19. Nc4 Be7 20. Qxh6 Bf8
21. Qa6 Bc8 22. Qxa7 1-0